ঢাকাই : (Record no. 105314)
[ view plain ]
| 000 -LEADER | |
|---|---|
| fixed length control field | 01073nam a22002177a 4500 |
| 003 - CONTROL NUMBER IDENTIFIER | |
| control field | BD-DhUL |
| 005 - DATE AND TIME OF LATEST TRANSACTION | |
| control field | 20180702125504.0 |
| 008 - FIXED-LENGTH DATA ELEMENTS--GENERAL INFORMATION | |
| fixed length control field | 160126s2010 bg |||| |||| 001 0 ben |
| 020 ## - INTERNATIONAL STANDARD BOOK NUMBER | |
| International Standard Book Number | 9849843315540 |
| 040 ## - CATALOGING SOURCE | |
| Original cataloging agency | BD-DhUL |
| Transcribing agency | BD-DhUL |
| 082 ## - DEWEY DECIMAL CLASSIFICATION NUMBER | |
| Classification number | 954.9227 |
| Item number | DHA |
| 245 #0 - TITLE STATEMENT | |
| Title | ঢাকাই : |
| Remainder of title | উপভাষা প্রবাদ-প্রবচন কৌতুক ছড়া / |
| Statement of responsibility, etc. | ফিরোজা ইয়াসমীন সম্পাদিত । |
| 260 ## - PUBLICATION, DISTRIBUTION, ETC. (IMPRINT) | |
| Place of publication, distribution, etc. | ঢাকা : |
| Name of publisher, distributor, etc. | বাংলাদেশ এশিয়াটিক সোসাইটি, |
| Date of publication, distribution, etc. | ২০১০ । |
| 300 ## - PHYSICAL DESCRIPTION | |
| Extent | ৪৩৬ পৃ. : |
| Other physical details | চিত্র [১] টি ভাজকৃত রঙ্গিন মানচিত্র ; |
| Dimensions | ২২ সেমি. |
| 365 ## - TRADE PRICE | |
| Price type code | BDT |
| Price amount | 400.00 |
| 490 #0 - SERIES STATEMENT | |
| Series statement | Dhaka celebration series, 1608-2008 ; 5 |
| 500 ## - GENERAL NOTE | |
| General note | নির্ঘন্ট সম্বলিত |
| 650 #0 - SUBJECT ADDED ENTRY--TOPICAL TERM | |
| Topical term or geographic name as entry element | বাংলাভাষা |
| General subdivision | আঞ্চলিক রুপ । |
| 700 ## - ADDED ENTRY--PERSONAL NAME | |
| Personal name | ইয়াসমীন, ফিরোজা |
| Relator term | সম্পাদক |
| 942 ## - ADDED ENTRY ELEMENTS (KOHA) | |
| Source of classification or shelving scheme | |
| Koha item type | Books |
| Price effective from | Date last seen | Permanent Location | Not for loan | Date acquired | Source of classification or shelving scheme | Koha item type | Lost status | Withdrawn status | Copy number | Source of acquisition | Collection code | Damaged status | Shelving location | Barcode | Current Location | Full call number |
|---|---|---|---|---|---|---|---|---|---|---|---|---|---|---|---|---|
| 2016-09-21 | 2016-09-21 | Dhaka University Library | 2016-09-21 | Books | 1 | Purchased | Non Fiction | General Stacks | 479055 | Dhaka University Library | 954.9227 DHA | |||||
| 2018-07-02 | 2018-07-02 | Dhaka University Library | 2018-07-02 | Books | 3 | Gift | Non Fiction | General Stacks | 499520 | Dhaka University Library | 954.9227 DHA |
